00634nam a2200181 a 450000100100000000500170001000800410002702000180006804000250008610000360011124500410014725000110018826000400019930000210023950000700026095201050033099900170043500003982620201002033745.0130724s2012 dr 000 0 spa d a9789945455540 aDO-SdBNPbspacBNPHU1 aMarzán Ramos, Jaime L.96601810aMercedes /cJaime L. Marzán Ramos. a2a ed. aSanto Domingo :bIsla Negra,c2012. a290 p. ;c22 cm. aIncluye datos biográficos del autor en la solapa de la cubierta 0010718PDaPDbPDcCTd2013-07-24iLF1l0o p39826-10r2020-06-25w2020-06-25yLFPDZNo se presta c39316d39316